[Event "HUN-chT2 Toth 1213"]
[Site "Hungary"]
[Date "2012.12.02"]
[Round "5.9"]
[White "Kovacs, Arthur"]
[Black "Magony, Ervin"]
[Result "1-0"]
[WhiteElo "2025"]
[BlackElo "1852"]
[PlyCount "33"]
[EventDate "2012.09.16"]
[EventType "team-tourn"]
[EventRounds "11"]
[EventCountry "HUN"]
[SourceTitle "EXT 2014"]
[Source "ChessBase"]
[SourceDate "2013.11.20"]
[SourceVersion "1"]
[SourceVersionDate "2013.11.20"]
[SourceQuality "1"]
[WhiteTeam "Mako II"]
[BlackTeam "Felegyhaza Csongrad"]
[WhiteTeamCountry "HUN"]
[BlackTeamCountry "HUN"]

1. d4 e6 2. c4 Nf6 3. Nf3 b6 4. e3 Bb7 5. Bd3 d5 6. 0-0 c5 7. Nc3 Qc7 8. b3 Bd6 9. Bb2 a6 10. Rc1 0-0 11. cxd5 Nxd5 12. Ne4 Nd7 13. dxc5 Bxc5 14. Nfg5 h6 15. Qh5 Qd8 16. Nxc5 Nxc5 17. Qxh6 1-0

[Event "HUN-chT2 Toth 1112"]
[Site "Hungary"]
[Date "2012.05.20"]
[Round "11.10"]
[White "Magony, Ervin"]
[Black "Perdi, Zsombor"]
[Result "1-0"]
[WhiteElo "1843"]
[BlackElo "1453"]
[PlyCount "72"]
[EventDate "2011.09.25"]
[EventType "team-tourn"]
[EventRounds "11"]
[EventCountry "HUN"]
[SourceTitle "EXT 2013"]
[Source "ChessBase"]
[SourceDate "2012.11.22"]
[SourceVersion "1"]
[SourceVersionDate "2012.11.22"]
[SourceQuality "1"]
[WhiteTeam "KHTK"]
[BlackTeam "Bekes"]
[WhiteTeamCountry "HUN"]
[BlackTeamCountry "HUN"]

1. e4 e6 2. Nf3 d5 3. e5 c5 4. d4 Nc6 5. Be3 Qb6 6. b3 g6 7. Be2 cxd4 8. Bxd4 Nxd4 9. Qxd4 Bc5 10. Qh4 Ne7 11. Bd3 Bd7 12. 0-0 Bc6 13. Qf6 Rf8 14. Nc3 Nf5 15. Bxf5 gxf5 16. Qh4 Qc7 17. Na4 Bxa4 18. Qxa4+ Qd7 19. Qf4 Qc6 20. Rfd1 b5 21. a4 b4 22. Rac1 Rc8 23. c3 bxc3 24. Rd3 c2 25. Rxc2 Qb6 26. b4 Kd7 27. bxc5 Qb1+ 28. Qc1 Rb8 29. Nd2 Qxc1+ 30. Rxc1 Rb2 31. a5 Rfb8 32. g3 Ra2 33. Nb3 Ra3 34. Rcc3 Kc7 35. Kg2 d4 36. Nxd4 Rxa5 1-0

[Event "HUN-chT2 Toth 1112"]
[Site "Hungary"]
[Date "2011.09.25"]
[Round "1.8"]
[White "Konya, Laszlo"]
[Black "Magony, Ervin"]
[Result "1-0"]
[WhiteElo "2147"]
[BlackElo "1843"]
[PlyCount "141"]
[EventDate "2011.09.25"]
[EventType "team-tourn"]
[EventRounds "11"]
[EventCountry "HUN"]
[SourceTitle "EXT 2013"]
[Source "ChessBase"]
[SourceDate "2012.11.22"]
[SourceVersion "1"]
[SourceVersionDate "2012.11.22"]
[SourceQuality "1"]
[WhiteTeam "Karcag"]
[BlackTeam "KHTK"]
[WhiteTeamCountry "HUN"]
[BlackTeamCountry "HUN"]

1. d4 Nf6 2. c4 e6 3. Nc3 Bb4 4. Qb3 Nc6 5. e3 Ne4 6. Bd3 f5 7. Nf3 b6 8. 0-0 Bxc3 9. bxc3 Bb7 10. Ba3 Ne7 11. c5 0-0 12. Rad1 Rf6 13. Ne1 Qe8 14. f3 Ng5 15. h4 Nf7 16. e4 Rh6 17. cxb6 cxb6 18. Qb4 Nc6 19. Qb2 fxe4 20. fxe4 Rxh4 21. Qf2 Rg4 22. Qe2 h5 23. Nf3 Qb8 24. Nh2 Rh4 25. e5 Qd8 26. Rxf7 Nxd4 27. cxd4 Rxh2 28. Rf8+ Qxf8 29. Bxf8 Rxg2+ 30. Qxg2 Bxg2 31. Bd6 Bf3 32. Rc1 g5 33. Kf2 g4 34. Kg3 Kg7 35. Kh4 Kh6 36. Be7 Rg8 37. Kg3 Bd5 38. a3 Bc6 39. Be2 a5 40. Rf1 Bf3 41. Bb5 Re8 42. Bd6 Bc6 43. Rf6+ Kg5 44. Bxc6 dxc6 45. Rf7 h4+ 46. Kh2 Rh8 47. Be7+ Kh5 48. Rg7 Re8 49. Bf6 b5 50. Rg5+ Kh6 51. Rxg4 b4 52. Rxh4+ Kg6 53. axb4 axb4 54. Rh3 Rb8 55. Rb3 Rb7 56. Kg3 Kf5 57. Kf3 Ra7 58. Rxb4 Ra3+ 59. Ke2 Ke4 60. Kd2 Rd3+ 61. Kc2 Rxd4 62. Rxd4+ Kxd4 63. Kd2 c5 64. Kc2 Kc4 65. Be7 Kd4 66. Bd6 c4 67. Bc7 Kd5 68. Kc3 Kc5 69. Bb8 Kd5 70. Bd6 Ke4 71. Kxc4 1-0

[Event "HUN-chT2 Toth 1011"]
[Site "Hungary"]
[Date "2011.05.01"]
[Round "10.8"]
[White "Vass, Laszlo"]
[Black "Magony, Ervin"]
[Result "1-0"]
[WhiteElo "1789"]
[BlackElo "1840"]
[PlyCount "67"]
[EventDate "2010.09.12"]
[EventType "team-tourn"]
[EventRounds "11"]
[EventCountry "HUN"]
[SourceTitle "EXT 2012"]
[Source "ChessBase"]
[SourceDate "2011.11.24"]
[SourceVersion "1"]
[SourceVersionDate "2011.11.24"]
[SourceQuality "1"]
[WhiteTeam "Nadudvar"]
[BlackTeam "Csongrad Felegyhaza"]
[WhiteTeamCountry "HUN"]
[BlackTeamCountry "HUN"]

1. e4 e6 2. d4 d5 3. exd5 exd5 4. c4 Be6 5. cxd5 Qxd5 6. Nc3 Bb4 7. a3 Bxc3+ 8. bxc3 Nc6 9. Be3 Na5 10. Nf3 Nf6 11. Be2 Qc6 12. Qc2 Ne4 13. 0-0 Nxc3 14. Bd3 Nd5 15. Qb1 Nc3 16. Qb4 Nb3 17. Ne5 a5 18. Qxb3 Bxb3 19. Nxc6 bxc6 20. Rac1 Nd5 21. Rxc6 0-0 22. Rfc1 Rfe8 23. Bd2 a4 24. f3 Rad8 25. Kf2 Ne7 26. Rxc7 Rxd4 27. Rxe7 Red8 28. Re3 f6 29. Ke2 f5 30. Ba5 R8d5 31. Rc7 h6 32. Rc8+ Kh7 33. Bc3 Rd7 34. Bxf5+ 1-0

[Event "HUN-chT2 Toth 1011"]
[Site "Hungary"]
[Date "2011.04.10"]
[Round "8.8"]
[White "Visnyei, Illes"]
[Black "Magony, Ervin"]
[Result "1/2-1/2"]
[WhiteElo "2075"]
[BlackElo "1840"]
[PlyCount "155"]
[EventDate "2010.09.12"]
[EventType "team-tourn"]
[EventRounds "11"]
[EventCountry "HUN"]
[SourceTitle "EXT 2012"]
[Source "ChessBase"]
[SourceDate "2011.11.24"]
[SourceVersion "1"]
[SourceVersionDate "2011.11.24"]
[SourceQuality "1"]
[WhiteTeam "Bekes"]
[BlackTeam "Csongrad Felegyhaza"]
[WhiteTeamCountry "HUN"]
[BlackTeamCountry "HUN"]

1. e4 e6 2. d4 d5 3. e5 b6 4. c3 Ne7 5. a3 Ng6 6. Bd3 Be7 7. Ne2 Bb7 8. 0-0 Nd7 9. f4 f5 10. Be3 0-0 11. g4 Qe8 12. Ng3 Nh4 13. Nd2 a5 14. Qe2 Nb8 15. b4 c6 16. g5 Qc8 17. Bf2 Nd7 18. Nh1 Ng6 19. Qf3 c5 20. bxc5 bxc5 21. a4 c4 22. Bc2 Bc6 23. Rfb1 Qc7 24. Be3 Rfb8 25. Ng3 Rxb1+ 26. Nxb1 Rf8 27. Bc1 Nb6 28. Kf2 Qd7 29. Qd1 Rb8 30. Ne2 Kf7 31. Nd2 Rh8 32. Nf3 h6 33. h4 hxg5 34. hxg5 Qe8 35. Ke3 Rh7 36. Neg1 Qh8 37. Bd2 Nh4 38. Qf1 Nxf3 39. Nxf3 g6 40. Kf2 Qf8 41. Kg3 Qe8 42. Qd1 Rh8 43. Be3 Qg8 44. Rb1 Nd7 45. Qe2 Qh7 46. Qg2 Qh5 47. Kf2 Qh3 48. Qg1 Qg4 49. Qxg4 fxg4 50. Ne1 Rb8 51. Ra1 Rb2 52. Bc1 Rb8 53. Bd1 Nb6 54. Bd2 Nd7 55. Bxg4 Rb2 56. Ke3 Rb3 57. Bd1 Rb7 58. Nf3 Rb8 59. Kf2 Rh8 60. Kg2 Nb6 61. Bc1 Rb8 62. Bc2 Be8 63. Nh2 Nc8 64. Ng4 Bc6 65. Nf6 Bf8 66. Kg3 Be7 67. Ra2 Bf8 68. Be3 Rb7 69. Ng4 Be7 70. Nh2 Bf8 71. Nf3 Kg7 72. Nh4 Be8 73. Bc1 Rb6 74. Ng2 Be7 75. Ne3 Bf8 76. Ra1 Rb7 77. Bd1 Be7 78. Bc2 1/2-1/2

[Event "HUN-chT2 Toth 1011"]
[Site "Hungary"]
[Date "2010.11.21"]
[Round "6.9"]
[White "Magony, Ervin"]
[Black "Banyai, Istvan"]
[Result "1/2-1/2"]
[WhiteElo "1840"]
[BlackElo "1990"]
[PlyCount "157"]
[EventDate "2010.09.12"]
[EventType "team-tourn"]
[EventRounds "11"]
[EventCountry "HUN"]
[SourceTitle "EXT 2012"]
[Source "ChessBase"]
[SourceDate "2011.11.24"]
[SourceVersion "1"]
[SourceVersionDate "2011.11.24"]
[SourceQuality "1"]
[WhiteTeam "Csongrad Felegyhaza"]
[BlackTeam "Gyula"]
[WhiteTeamCountry "HUN"]
[BlackTeamCountry "HUN"]

1. e4 c6 2. d4 d5 3. f3 e6 4. Be3 dxe4 5. fxe4 Qh4+ 6. Bf2 Qxe4+ 7. Ne2 Nf6 8. Nd2 Qf5 9. Ng3 Qa5 10. Bd3 Nbd7 11. c3 Qc7 12. Nde4 Nxe4 13. Nxe4 Be7 14. Bg3 Qb6 15. Qe2 c5 16. d5 0-0 17. d6 Bd8 18. 0-0-0 a5 19. Rhf1 a4 20. Qh5 g6 21. Qh6 a3 22. b3 Ra5 23. c4 f5 24. Ng5 Bxg5+ 25. Qxg5 Qd8 26. Qd2 Qf6 27. Rde1 Ra6 28. Be2 Qa1+ 29. Kc2 Qxa2+ 30. Kc3 Qxd2+ 31. Kxd2 e5 32. Bf3 Rxd6+ 33. Bd5+ Kg7 34. Bxe5+ Nxe5 35. Rxe5 Kf6 36. Rfe1 a2 37. R5e2 b5 38. Kc3 bxc4 39. Bxc4 Rfd8 40. Rxa2 Be6 41. Rxe6+ Rxe6 42. Bxe6 Kxe6 43. Kc4 Rc8 44. Rd2 Rb8 45. Rd3 h5 46. Kxc5 Rc8+ 47. Kd4 Rc2 48. Rg3 Kf6 49. h4 Rf2 50. Ke3 Rb2 51. Kf4 Re2 52. Kf3 Re4 53. Rh3 Rb4 54. Ke2 Ke5 55. Kd2 Rg4 56. Re3+ Kf6 57. g3 g5 58. hxg5+ Kxg5 59. Rf3 h4 60. gxh4+ Rxh4 61. Ke2 f4 62. Kd3 Rh8 63. Ke2 Kg4 64. b4 Rh2+ 65. Rf2 Rh3 66. Rg2+ Kf5 67. Rg8 Rb3 68. Rf8+ Ke5 69. Re8+ Kd5 70. Rd8+ Ke4 71. Re8+ Kd4 72. Rd8+ Ke5 73. Re8+ Kd4 74. Rd8+ Kc4 75. Rc8+ Kxb4 76. Rb8+ Kc4 77. Rxb3 Kxb3 78. Kf3 Kc4 79. Kxf4 1/2-1/2

[Event "HUN-chT2 Toth 1011"]
[Site "Hungary"]
[Date "2010.11.07"]
[Round "5.9"]
[White "Magony, Ervin"]
[Black "Csiki, Levente"]
[Result "1-0"]
[WhiteElo "1840"]
[BlackElo "1937"]
[PlyCount "99"]
[EventDate "2010.09.12"]
[EventType "team-tourn"]
[EventRounds "11"]
[EventCountry "HUN"]
[SourceTitle "EXT 2012"]
[Source "ChessBase"]
[SourceDate "2011.11.24"]
[SourceVersion "1"]
[SourceVersionDate "2011.11.24"]
[SourceQuality "1"]
[WhiteTeam "Csongrad Felegyhaza"]
[BlackTeam "Szolnok"]
[WhiteTeamCountry "HUN"]
[BlackTeamCountry "HUN"]

1. e4 e5 2. Nf3 Nc6 3. Nc3 Nf6 4. d4 Bb4 5. Bg5 h6 6. Bxf6 Qxf6 7. d5 Nd4 8. Qd3 Nxf3+ 9. gxf3 d6 10. Qb5+ Kd8 11. Qxb4 Qxf3 12. Rg1 g5 13. Rg3 Qh5 14. Nb5 Bd7 15. Qc4 Bxb5 16. Qxb5 Kc8 17. Bh3+ Kb8 18. Qe2 Qg6 19. 0-0-0 h5 20. Bf5 Qg7 21. Rdg1 Qh6 22. Qe3 f6 23. h4 b6 24. hxg5 fxg5 25. Qxg5 Kb7 26. Qxh6 Rxh6 27. Rh3 a5 28. Rg5 h4 29. Rg4 Rah8 30. Kd2 c5 31. Rg7+ Ka6 32. Rd7 Rg8 33. Be6 Rg2 34. Ke2 Rf6 35. Rf3 Rfg6 36. Rxd6 R6g3 37. Bf5 Rg5 38. Rh6 Rg1 39. d6 Rc1 40. Kd2 Rgg1 41. Kc3 c4 42. Be6 b5 43. Bxc4 Kb6 44. d7+ Kc7 45. Bxb5 Rcd1 46. Rd3 Rxd3+ 47. Kxd3 Rd1+ 48. Ke2 Rd4 49. Rxh4 Kb6 50. a4 1-0